Royal commission on Local Government in England: written evidence of the County Councils Association, Association of Muciple Corporations, National Association of Parish Councils, Rural District Councils Association, Urban District Councils Association (Record no. 488364)

000 -LEADER
fixed length control field 00634cam a22001337a 4500
008 - FIXED-LENGTH DATA ELEMENTS--GENERAL INFORMATION
fixed length control field 180718b1967 xxu||||| |||| 00| 0 eng d
082 ## - DEWEY DECIMAL CLASSIFICATION NUMBER
Classification number B706x42 Un3/We/9
100 ## - MAIN ENTRY--PERSONAL NAME
Personal name Royal Commission on Local Government in England
245 ## - TITLE STATEMENT
Title Royal commission on Local Government in England: written evidence of the County Councils Association, Association of Muciple Corporations, National Association of Parish Councils, Rural District Councils Association, Urban District Councils Association
260 ## - PUBLICATION, DISTRIBUTION, ETC.
Place of publication, distribution, etc. London
Name of publisher, distributor, etc. Her Majesty's Stationery Office
Date of publication, distribution, etc. 1967
300 ## - PHYSICAL DESCRIPTION
Extent 315+p.
500 ## - GENERAL NOTE
General note Chairman: John Maud
700 ## - ADDED ENTRY--PERSONAL NAME
Personal name Maud, John (Chairman)
Holdings
Withdrawn status Lost status Damaged status Not for loan Permanent Location Current Location Date acquired Full call number Barcode Date last seen Price effective from Koha item type
        Indian Institute of Public Administration Indian Institute of Public Administration 2018-08-04 B706x42 Un3/We/9 G8417 2018-08-04 2018-08-04 G

Powered by Koha